000
00264nam a2200109Ia 4500
008
220204s9999 xx 000 0 und d
082
_a
054
_b
VIS
100
_a
Martha Orrico
245
0
_a
Ideas of chemistry
260
_a
New York
_b
Harcourt Brace
_c
1978
942
_c
BK
999
_c
33395
_d
33395